000 00404nam a2200133Ia 4500
005 20260328104306.0
008 260328s9999||||xx |||||||||||||| ||und||
100 _aInstituto de Desarrollo Experimental de la Construcción
245 0 _aTecnologia y Construcción /
_cInstituto de Desarrollo Experimental de la Construcción
260 _bIDEC
300 _a90 p.
650 _aPROSPECTIVA
942 _cBK
999 _c10782
_d10782